Normal view
MARC view
- AMERICA LATINA -
Entry Nombre Geográfico
001 - NÚMERO DE CONTROL
- campo de control: 3998
003 - IDENTIFICADOR DE NUMERO DE CONTROL
- campo de control: UPN
005 - FECHA Y HORA DE LA ÜLTIMA TRANSACCIÓN
- campo de control: 20210219193637.0
008 - DATOS DE LONGITUD FIJA
- campo de control de longitud fija: nabaccnnaabn|||||||||| b |nc|||||d
035 ## - NÚMERO DE CONTROL
- Número de control: UPN10000003998
040 ## - FUENTE DE CATALOGACIÓN
- Lenguaje de catalogación: SPA
- Agencia de transcripción: UPN
151 ## - ENCABEZAMIENTO - NOMBRE GEOGRÁFICO
- Nombre geográfico: AMERICA LATINA -
- Subdivisión general : RELACIONES -
- Subdivisión geográfica: ESTADOS UNIDOS
670 ## - FUENTE EN LA QUE SE LOCALIZARON DATOS
- Cita de la fuente: LC/P
- Información localizada: Latin America - Relations - United States
902 ## - CATALOGADOR
- Catalogador: CAA/300905
